Karteziánské meditace / Edmund Husserl ; [z německého originálu ... přeložila Marie Bayerová ; doslov napsal Jan Patočka]
Record details
- ISBN: 80-205-0311-0
- Physical Description: 209 s. ; 21 cm
- Edition: 2. vyd.
- Publisher: Praha : Svoboda-Libertas, 1993
Content descriptions
| General Note: | Reprint vyd. z r. 1968 (nakl. Svoboda) |
| Bibliography, etc. Note: | Obsahuje bibliografii, bibliografické odkazy a rejstřík |
Search for related items by subject
| Genre: | pojednání |
Available copies
- 3 of 3 copies available at Common Catalog SPOK.
Holds
- 0 current holds with 3 total copies.
Show All Copies
| Location | Call Number / Copy Notes | Barcode | Shelving Location | Status | Due Date |
|---|---|---|---|---|---|
| Jabok Library | FL-3/Hu | 424480000256 | Odborná literatura | Available | - |
| Jabok Library | FL-3/Hu | 424480006065 | Odborná literatura | Available | - |
| Jabok Library | FL-3/Hu | 424480008822 | Odborná literatura | Available | - |
| LDR | 01389nam a2200361 a 4500 | ||
|---|---|---|---|
| 001 | 5283 | ||
| 003 | CZ-PrJAB | ||
| 005 | 20220510111529.0 | ||
| 007 | ta | ||
| 008 | 940418s1993 xr 001 0 cze | ||
| 015 | . | ‡acnb000077226 | |
| 020 | . | ‡a80-205-0311-0 ‡q(brož.) | |
| 035 | . | ‡a(CZ PrNK)np9312832 | |
| 035 | . | ‡a(OCoLC)39591876 | |
| 040 | . | ‡aABA001 ‡bcze | |
| 041 | 1 | . | ‡acze ‡hger |
| 080 | . | ‡a165.62 ‡2undef | |
| 100 | 1 | . | ‡aHusserl, Edmund, ‡d1859-1938 ‡7jk01043325 ‡4aut |
| 240 | 1 | 0. | ‡aCartesianische Meditationen. ‡lČesky ‡7aun2009506486 |
| 245 | 1 | 0. | ‡aKarteziánské meditace / ‡cEdmund Husserl ; [z německého originálu ... přeložila Marie Bayerová ; doslov napsal Jan Patočka] |
| 250 | . | ‡a2. vyd. | |
| 260 | . | ‡aPraha : ‡bSvoboda-Libertas, ‡c1993 | |
| 300 | . | ‡a209 s. ; ‡c21 cm | |
| 500 | . | ‡aReprint vyd. z r. 1968 (nakl. Svoboda) | |
| 504 | . | ‡aObsahuje bibliografii, bibliografické odkazy a rejstřík | |
| 653 | 0 | . | ‡aMeditace (dílo R. Descarta) ‡afenomenologie |
| 655 | 7. | ‡apojednání ‡7fd133056 ‡2czenas | |
| 700 | 1 | . | ‡aBayerová, Marie, ‡d1922-1997 ‡7jk01011237 ‡4trl |
| 700 | 1 | . | ‡aPatočka, Jan, ‡d1907-1977 ‡7jk01091914 ‡4aft |
| 910 | . | ‡aABG312 | |
| 964 | . | ‡aMeditace (dílo R. Descarta) - fenomenologie (hledisko) - pojednání | |
| 901 | . | ‡a5283 ‡bUnknown ‡c5283 ‡tbiblio | |